[Event "Bionext Festival 2019"]
[Site "Chihuahua"]
[Date "2019.11.30"]
[Round "3.11"]
[White "Martinez Castaneda, Allan"]
[Black "Vargas Miranda, Diego"]
[Result "1-0"]
[WhiteElo "2045"]
[BlackElo "1892"]
[Annotator "NA"]
[PlyCount "45"]
[EventDate "2019.11.30"]
[EventType "swiss"]
[EventCountry "MEX"]
[SourceTitle "playchess.com"]
[Source "ChessBase"]
[SourceQuality "1"]
[TimeControl "5400+30"]

1. e4 {[%emt 1:30:30]} Nf6 {[%emt 1:30:30]} 2. e5 {[%emt 0:00:30]} Nd5 {[%emt 0:00:30]} 3. d4 {[%emt 0:00:30]} d6 {[%emt 0:00:30]} 4. Nf3 {[%emt 0:00:30]} Bf5 {[%emt 0:00:30]} 5. Bd3 {[%emt 0:00:30]} Bxd3 {[%emt 0:00:30]} 6. Qxd3 {[%emt 0:00:30]} c6 {[%emt 0:00:30]} 7. e6 {[%emt 0:00:30]} fxe6 {[%emt 0:00:30]} 8. Ng5 {[%emt 0:00:30]} Nf6 {[%emt 0:00:30]} 9. O-O {[%emt 0:00:30]} Na6 {[%emt 0:00:30]} 10. Qb3 {[%emt 0:00:30]} Qc8 {[%emt 0:00:30]} 11. Nxe6 {[%emt 0:00:30]} Nc7 {[%emt 0:00:30]} 12. Ng5 {[%emt 0:00:30]} d5 {[%emt 0:00:30]} 13. Re1 {[%emt 0:00:30]} h6 {[%emt 0:00:30]} 14. Nf3 {[%emt 0:00:30]} e6 {[%emt 0:00:30]} 15. Ne5 {[%emt 0:00:30]} Bd6 {[%emt 0:00:30]} 16. Ng6 {[%emt 0:00:30]} Rg8 {[%emt 0:00:30]} 17. Bf4 {[%emt 0:00:30]} Bxf4 {[%emt 0:00:30]} 18. Nxf4 {[%emt 0:00:30]} g5 {[%emt 0:00:30]} 19. Nd3 {[%emt 0:00:30]} Kf7 {[%emt 0:00:30]} 20. Nd2 {[%emt 0:00:30]} Rb8 {[%emt 0:00:30]} 21. Re2 {[%emt 0:00:30]} Kg7 {[%emt 0:00:30]} 22. f4 {[%emt 0:00:30]} gxf4 {[%emt 0:00:30]} 23. Nxf4 {[%emt 0:00:30]} 1-0